00550nam a2200193 a 4500001001300000003000900013005001700022008004100039020001000080082001500090100002200105245007700127260003700204300000900241500003500250505001500285650003400300700002200334nice12345678IN_TiNIC20260116011534.0050524s1943 lona grp 000 0 eng  ac10000a235.2bSAC aSackville, West A aEagle and the Doveb Study in Contrasts: St.Teresa of Avila St.T.Of Lisi aLondonbMicheal Joseph Ltdc1943 a182p aincludes index and biblioraphy2 aIndex, Ill aSaints-Christianity-St.Teresa1 aSackville, West A